[Event "FIDE World Rapid Team"]
[Site "London ENG"]
[Date "2025.06.12"]
[Round "6.2"]
[White "Fromm, Marius"]
[Black "Krivenko, Dion"]
[Result "1-0"]
[WhiteTitle "IM"]
[BlackTitle "FM"]
[WhiteElo "2444"]
[BlackElo "2243"]
[WhiteTeam "Berlin Chess Federation"]
[BlackTeam "OlalaStars"]
[WhiteFideId "12993190"]
[BlackFideId "4508378"]
[EventDate "2025.06.11"]
[EventType "team"]

1. e4 g6 2. d4 d6 3. Nc3 Bg7 4. Be3 a6 5. Nf3 b5 6. h4 Bb7 7. h5 gxh5 8. Bd3 Nf6
9. e5 Ng4 10. Bf4 dxe5 11. dxe5 Nd7 12. Rxh5 Bxf3 13. Qxf3 Ngxe5 14. Qg3 Nxd3+
15. cxd3 Bxc3+ 16. bxc3 Nf6 17. Rc5 Qd7 18. Rxc7 Qf5 19. Qf3 Nd5 20. Rc5 Qxf4
21. Qxd5 O-O 22. Qh5 Kh8 23. Ke2 Qf6 24. Rh1 Qe6+ 25. Re5 Qg6 26. Qh4 Rad8 27.
Rh3 Rg8 28. Rg5 Qe6+ 29. Kf1 Rxg5 30. Qxh7# 1-0

[Event "FIDE World Rapid Team"]
[Site "London ENG"]
[Date "2025.06.12"]
[Round "6.3"]
[White "Sason, Noam"]
[Black "Florstedt, Johannes"]
[Result "0-1"]
[BlackTitle "FM"]
[WhiteElo "2153"]
[BlackElo "2391"]
[WhiteTeam "OlalaStars"]
[BlackTeam "Berlin Chess Federation"]
[WhiteFideId "371282346"]
[BlackFideId "12922293"]
[EventDate "2025.06.11"]
[EventType "team"]

1. e4 c5 2. Nf3 d6 3. d4 cxd4 4. Nxd4 Nf6 5. Nc3 a6 6. Bc4 g6 7. O-O Bg7 8. h3
O-O 9. Be3 b5 10. Bb3 Bb7 11. Re1 Nbd7 12. Bg5 h6 13. Bh4 Qb6 14. Nf3 Rac8 15.
Nd5 Nxd5 16. exd5 g5 17. Rxe7 Qd8 18. Qe2 Bf6 19. Re4 gxh4 20. Rg4+ Bg7 21. Nxh4
Ne5 22. Rf4 Ng6 23. Nxg6 fxg6 24. Rg4 Qf6 25. c3 Rce8 26. Qd2 Bc8 27. Rg3 g5 28.
Rf3 Qe5 29. Re3 Qf4 30. g3 Qf6 31. Bc2 Bxh3 32. Rae1 Rxe3 33. Rxe3 Bf5 34. Rf3
Qg6 35. Rxf5 Rxf5 36. g4 Rxf2 37. Qxf2 Qf6 38. Qb6 Qf4 39. Qd8+ Bf8 40. Qd7 Qc1+
41. Kf2 Qxc2+ 42. Kf3 Qd3+ 43. Kf2 Qd2+ 44. Kg3 Qf4+ 45. Kg2 Qf7 46. Qc6 Qf4 47.
Qxa6 Qxg4+ 48. Kh2 Qf4+ 49. Kg1 Qe3+ 50. Kh2 Qd2+ 51. Kg3 Qd3+ 52. Kg4 Qxd5 53.
Qa7 Qg2+ 54. Kf5 Qf3+ 55. Kg6 Qe4+ 56. Kh5 Qe8+ 57. Kg4 Qf7 58. Qa8 Kg7 59. Qc6
Qf4+ 60. Kh3 Qf5+ 61. Kg3 h5 62. a4 h4+ 63. Kg2 Qg4+ 64. Kh2 Qf4+ 65. Kg2 bxa4
66. Qd7+ Kg6 67. Qe6+ Qf6 68. Qe4+ Qf5 69. Qe8+ Kh6 70. Qxa4 g4 71. Qd4 Qc2+ 72.
Kf1 Qc1+ 73. Ke2 Qxb2+ 74. Kd3 Qb5+ 75. Kd2 Kh5 76. Qh8+ Bh6+ 0-1

[Event "FIDE World Rapid Team"]
[Site "London ENG"]
[Date "2025.06.12"]
[Round "6.4"]
[White "Schulze, Lara"]
[Black "Blokhin, Sofia"]
[Result "1-0"]
[WhiteTitle "FM"]
[BlackTitle "WFM"]
[WhiteElo "2317"]
[BlackElo "2057"]
[WhiteTeam "Berlin Chess Federation"]
[BlackTeam "OlalaStars"]
[WhiteFideId "12956830"]
[BlackFideId "4508190"]
[EventDate "2025.06.11"]
[EventType "team"]

1. e4 c5 2. Nf3 d6 3. Bb5+ Bd7 4. c4 a6 5. Bxd7+ Qxd7 6. d4 cxd4 7. Nxd4 Nc6 8.
Nc3 g6 9. O-O Bg7 10. Be3 Nf6 11. h3 O-O 12. Rc1 Nxd4 13. Bxd4 b5 14. Bxf6 Bxf6
15. Nd5 Bg5 16. f4 Qa7+ 17. Kh1 Bh6 18. cxb5 axb5 19. a3 Rac8 20. Qd3 Qb7 21.
Rc2 Rxc2 22. Qxc2 f5 23. Qd3 e6 24. Nc3 b4 25. axb4 Qxb4 26. exf5 Rxf5 27. Qe2
Kf7 28. Re1 Qb3 29. g3 Qb7+ 30. Kh2 Qb3 31. Ne4 Ke7 32. Ra1 Rb5 33. Ra7+ Rb7 34.
Rxb7+ Qxb7 35. Qc2 Bg7 36. b3 Bd4 37. Ng5 Ba7 38. Nxh7 Qb6 39. h4 Qg1+ 40. Kh3
Qh1+ 41. Kg4 Bc5 42. Qxg6 Qd1+ 43. Kg5 Qd5+ 44. Kh6 Qxb3 45. Qg7+ Kd8 46. Nf6
Qb5 47. Qf8+ Kc7 48. Qe7+ Kb6 49. Qxe6 Qd3 50. g4 Qd2 51. Nd5+ Kc6 52. Ne7+ Kb6
53. g5 Kb5 54. f5 Qf4 55. h5 Be3 56. Qf6 Bd4 57. Qf7 Be3 58. Qd5+ Ka6 59. Qg8
Qe5 60. Nd5 Bxg5+ 61. Qxg5 Qxd5 62. f6 Qf7 63. Qg6 Qf8+ 64. Qg7 Qc8 65. f7 Qe6+
66. Kh7 Qf5+ 67. Qg6 Qf4 68. Kg8 Qc4 69. h6 Ka7 70. h7 d5 71. h8=Q d4 72. Qe5 d3
73. Qa5+ Kb7 74. Qgb6+ Kc8 75. Qd8+ Kb7 76. Qab6# 1-0

[Event "FIDE World Rapid Team"]
[Site "London ENG"]
[Date "2025.06.12"]
[Round "6.5"]
[White "Agafonov, Yuri Dr"]
[Black "Rath, Alina"]
[Result "1/2-1/2"]
[BlackTitle "CM"]
[WhiteElo "2096"]
[BlackElo "2019"]
[WhiteTeam "OlalaStars"]
[BlackTeam "Berlin Chess Federation"]
[WhiteFideId "11602104"]
[BlackFideId "24607886"]
[EventDate "2025.06.11"]
[EventType "team"]

1. d4 d5 2. Nf3 e6 3. e3 c5 4. Bd3 Nf6 5. b3 Bd6 6. Bb2 O-O 7. Nbd2 cxd4 8. exd4
Qc7 9. O-O Nbd7 10. Re1 b6 11. Ne5 Bb7 12. Qf3 Rfc8 13. Qh3 Nf8 14. Rad1 a5 15.
c4 a4 16. Bb1 axb3 17. axb3 dxc4 18. Ndxc4 Bd5 19. Re3 b5 20. Nxd6 Qxd6 21. Rg3
Rc7 22. Qh4 Ng6 23. Nxg6 hxg6 24. Rh3 Kf8 25. Qh8+ Ke7 26. Qxg7 Rg8 27. Qh6 Nh5
28. Qg5+ Kf8 29. Qd2 b4 30. Bc1 Ke8 31. Qg5 Qf8 32. Qe5 Qe7 33. Bd2 Ng7 34. Re1
Nf5 35. Bxf5 gxf5 36. Rg3 Rxg3 37. hxg3 Kd7 38. Bf4 Rb7 39. Qg7 Bxb3 40. Bg5 Qe8
41. Bf4 Qe7 42. Bg5 Qe8 43. Bf4 Qe7 44. Bg5 Qe8 45. g4 fxg4 46. Re4 Bd5 47. Rxg4
b3 48. Bc1 b2 49. Bxb2 Rxb2 50. Rf4 Ke7 51. Qg5+ Kd7 52. Qg7 Ke7 53. Qg5+ Kd7 1/2-1/2

[Event "FIDE World Rapid Team"]
[Site "London ENG"]
[Date "2025.06.12"]
[Round "6.6"]
[White "Ziems, Michael"]
[Black "Kiritshenko, Platon"]
[Result "1/2-1/2"]
[WhiteElo "1904"]
[BlackElo "1587"]
[WhiteTeam "Berlin Chess Federation"]
[BlackTeam "OlalaStars"]
[WhiteFideId "24678490"]
[BlackFideId "4522010"]
[EventDate "2025.06.11"]
[EventType "team"]

1. d4 Nf6 2. c4 e6 3. Nc3 d5 4. Bf4 Bb4 5. e3 O-O 6. Nf3 Re8 7. Be2 dxc4 8. Bxc4
Nd5 9. Bxd5 exd5 10. O-O Bf5 11. Qb3 Bxc3 12. bxc3 b6 13. c4 dxc4 14. Qxc4 Be6
15. Qxc7 Qxc7 16. Bxc7 Na6 17. Bg3 Rac8 18. h3 Nb4 19. a4 a5 20. Bd6 Nd5 21. e4
Nc3 22. Rfe1 Bc4 23. e5 Rc6 24. Ra3 Bd5 25. Re3 Nd1 26. Red3 Nb2 27. Rdc3 Nc4
28. Ra1 Nxe5 29. Rxc6 Nxf3+ 30. gxf3 Bxc6 31. Kg2 Rd8 32. Bc7 Rxd4 33. Bxb6 Rxa4
34. Rc1 Bd7 35. Rc7 Be6 36. Ra7 h6 37. Rxa5 Rxa5 38. Bxa5 g5 39. Kg3 Kg7 40.
Bc3+ Kg6 41. h4 f5 42. hxg5 hxg5 43. Be5 f4+ 44. Bxf4 1/2-1/2

[Event "FIDE World Rapid Team"]
[Site "London ENG"]
[Date "2025.06.12"]
[Round "6.1"]
[White "Rakotomaharo, Fy Antenaina"]
[Black "Momunaliev, Ruslan"]
[Result "1-0"]
[WhiteTitle "IM"]
[BlackTitle "CM"]
[WhiteElo "2441"]
[BlackElo "2214"]
[WhiteTeam "Mother Continent"]
[BlackTeam "Youth KG"]
[WhiteFideId "13100050"]
[BlackFideId "13812211"]
[EventDate "2025.06.11"]
[EventType "team"]

1. Nf3 d5 2. e3 Nf6 3. c4 c6 4. Nc3 e6 5. b3 Nbd7 6. Bb2 Bd6 7. Qc2 O-O 8. d4 b6
9. Be2 Bb7 10. O-O c5 11. Rad1 Rc8 12. cxd5 Nxd5 13. Nxd5 cxd4 14. Qd3 exd5 15.
Qxd4 f6 16. Qg4 Qe7 17. Nd4 Ne5 18. Qh3 g6 19. Rc1 Rc5 20. f4 Bc8 21. Qg3 Nd7
22. Nf5 Qe6 23. Bg4 Kh8 24. Nxd6 Qxd6 25. Ba3 f5 26. Bf3 Qe6 27. Bxc5 Nxc5 28.
Rfd1 Qxe3+ 29. Qf2 Qxf4 30. Bxd5 Qxf2+ 31. Kxf2 Ba6 32. Kg1 Kg7 33. b4 Ne4 34.
Rc7+ Kf6 35. Rxa7 Nc3 36. Re1 Bc8 37. Bf3 Be6 38. Rc7 Nb5 1-0

[Event "FIDE World Rapid Team"]
[Site "London ENG"]
[Date "2025.06.12"]
[Round "6.2"]
[White "Kurbanbaev, Zalkar"]
[Black "Wanyama, Harold"]
[Result "1-0"]
[BlackTitle "FM"]
[WhiteElo "2119"]
[BlackElo "2143"]
[WhiteTeam "Youth KG"]
[BlackTeam "Mother Continent"]
[WhiteFideId "13808524"]
[BlackFideId "10000380"]
[EventDate "2025.06.11"]
[EventType "team"]

1. e4 c5 2. Nf3 e6 3. d4 cxd4 4. Nxd4 Nc6 5. Nc3 Qc7 6. g3 Nf6 7. Bg2 a6 8. O-O
Nxd4 9. Qxd4 Bc5 10. Qd3 h6 11. Be3 d6 12. Na4 Bxe3 13. Qxe3 Nd7 14. c4 O-O 15.
Rac1 Rb8 16. c5 Qa5 17. Qa3 dxc5 18. Nxc5 Qxa3 19. bxa3 e5 20. Rfd1 Nf6 21. Rd6
Re8 22. Rb1 a5 23. Na6 Be6 24. Nxb8 Rxb8 25. Rdb6 Rc8 26. Rxb7 Rc3 27. h3 Rxa3
28. R1b5 Rxa2 29. Rxe5 a4 30. Ra5 Ra1+ 31. Kh2 a3 32. e5 Nd7 33. Bc6 Nxe5 34.
Rxe5 a2 35. Rb8+ Kh7 36. Be4+ g6 37. Rxe6 fxe6 38. Ra8 Re1 39. Bxg6+ Kxg6 40.
Rxa2 h5 41. Kg2 Rb1 42. Ra5 Re1 43. Kf3 Kh6 44. Kf4 Re2 45. f3 Kg6 46. Re5 Rh2
47. h4 Kf6 48. Rxh5 Ra2 49. Rh6+ Ke7 50. g4 Rg2 51. g5 Kf7 52. h5 Ke7 53. Rh7+
Kf8 54. Ra7 Kg8 55. g6 Rg1 56. Ke5 Re1+ 57. Kf4 1-0

[Event "FIDE World Rapid Team"]
[Site "London ENG"]
[Date "2025.06.12"]
[Round "6.3"]
[White "George Samir, David"]
[Black "Beknazarov, Emir"]
[Result "1-0"]
[WhiteTitle "FM"]
[WhiteElo "2356"]
[BlackElo "1878"]
[WhiteTeam "Mother Continent"]
[BlackTeam "Youth KG"]
[WhiteFideId "10657789"]
[BlackFideId "13816063"]
[EventDate "2025.06.11"]
[EventType "team"]

1. e4 c6 2. d4 d5 3. e5 Bf5 4. g4 Bd7 5. Nc3 e6 6. Be3 c5 7. dxc5 Ne7 8. Nf3 h5
9. Nd4 Nec6 10. Qe2 Nxd4 11. Bxd4 Nc6 12. Qe3 Qa5 13. Bb5 Nxe5 14. Qxe5 Bxb5 15.
b4 Qa6 16. Nxd5 Qc6 17. a4 Bc4 18. Nc7+ Kd7 19. Nxa8 Qxh1+ 20. Kd2 Qd5 21. Qc7+
Ke8 22. Kc3 Be2 23. Qc8+ Ke7 24. Qc7+ Ke8 25. Qb8+ Kd7 26. Qc7+ Ke8 27. Qe5 Qxe5
28. Bxe5 f6 29. Bb8 hxg4 30. Re1 Bf3 31. Nc7+ Kf7 32. Nxe6 Bxc5 33. Bg3 Be7 34.
Nf4 Rc8+ 35. Kb3 g5 36. Nd3 Bd5+ 37. Kb2 Rc4 38. c3 Be4 39. Re3 Bg6 40. Kb3 Re4
41. Nb2 Ke8 42. Nc4 Kf8 43. Bd6 Bxd6 44. Rxe4 Bxe4 45. Nxd6 Bf3 46. Kc4 Ke7 47.
Nc8+ Kd7 48. Nxa7 Bd1 49. a5 Kd6 50. Kd4 Be2 51. c4 f5 52. b5 f4 53. Nc8+ Ke6
54. a6 bxa6 55. bxa6 Bf3 56. a7 Bb7 57. Nb6 Kf5 58. a8=Q Bxa8 59. Nxa8 g3 60.
hxg3 1-0

[Event "FIDE World Rapid Team"]
[Site "London ENG"]
[Date "2025.06.12"]
[Round "6.4"]
[White "Keneshbekov, Elim"]
[Black "Mhango, Banele"]
[Result "0-1"]
[WhiteTitle "CM"]
[BlackTitle "FM"]
[WhiteElo "1883"]
[BlackElo "2236"]
[WhiteTeam "Youth KG"]
[BlackTeam "Mother Continent"]
[WhiteFideId "13816772"]
[BlackFideId "14327040"]
[EventDate "2025.06.11"]
[EventType "team"]

1. e4 c5 2. Nf3 d6 3. d4 cxd4 4. Nxd4 Nf6 5. Nc3 a6 6. Bg5 e6 7. f4 Be7 8. Qf3
Qc7 9. O-O-O Nbd7 10. g4 h6 11. Bh4 g5 12. fxg5 Ne5 13. Qg3 Nfxg4 14. gxh6 Bxh4
15. Qxh4 Qe7 16. Qg3 Rxh6 17. Be2 Qg5+ 18. Kb1 Qh4 19. Nf3 Qxg3 20. hxg3 Rxh1
21. Rxh1 b5 22. Nxe5 Nxe5 23. Rh8+ Ke7 24. Bd3 Bb7 25. Rxa8 Bxa8 26. Kc1 Kf6 27.
Kd2 Kg5 28. Ke3 Ng4+ 29. Ke2 Nf6 30. Ke3 Kg4 31. Ne2 e5 32. c4 bxc4 33. Bxc4
Nxe4 34. Bxf7 Nxg3 35. Be6+ Nf5+ 36. Kd2 Kg5 37. Nc3 Ne7 38. b4 Kf6 39. Bd7 Nd5
40. Nxd5+ Bxd5 41. a4 Bb7 42. a5 e4 43. b5 axb5 44. Bxb5 Ke5 45. a6 Ba8 46. Be2
d5 47. Bg4 d4 48. Kc2 Kd6 49. Kb3 Kc5 50. Bc8 Bd5+ 51. Kc2 Kb6 52. Kd2 Bc4 53.
Bf5 e3+ 54. Kc2 Bxa6 55. Be4 Kc5 56. Bg6 Kd5 57. Bh7 Ke5 58. Bg6 Kf4 59. Bh5 Kg3 0-1

[Event "FIDE World Rapid Team"]
[Site "London ENG"]
[Date "2025.06.12"]
[Round "6.5"]
[White "QUICKPEN, Deborah Ebimobo-ere"]
[Black "Sezdbekova, Aizhan"]
[Result "1/2-1/2"]
[WhiteTitle "WCM"]
[BlackTitle "WCM"]
[WhiteElo "2081"]
[BlackElo "1884"]
[WhiteTeam "Mother Continent"]
[BlackTeam "Youth KG"]
[WhiteFideId "8511616"]
[BlackFideId "13803590"]
[EventDate "2025.06.11"]
[EventType "team"]

1. e4 e5 2. Nf3 Nc6 3. Bb5 a6 4. Ba4 Nf6 5. O-O Be7 6. Re1 b5 7. Bb3 O-O 8. c3
d5 9. exd5 Nxd5 10. Nxe5 Nxe5 11. Rxe5 c6 12. d4 Bd6 13. Re1 Qh4 14. g3 Qh3 15.
Bxd5 cxd5 16. Qf3 Be6 17. Nd2 Rae8 18. Re3 f5 19. Nf1 f4 20. gxf4 Qh4 21. Qe2
Qh6 22. f5 Rxf5 23. Ng3 Bxg3 24. hxg3 Rh5 25. Qf3 Rf8 26. Qg2 Bh3 27. Re5 Bxg2
28. Bxh6 Rh1+ 29. Kxg2 Rxa1 30. Bf4 Rxa2 31. Rxd5 Rxb2 32. Rd7 h6 33. Ra7 Rf6
34. d5 Rc2 35. d6 g5 36. d7 Rf8 37. Bd6 Rcxf2+ 38. Kh3 Rd8 39. Be7 Rff8 40. Kg4
Kf7 41. Bxf8 Kxf8 42. Rxa6 Rxd7 43. Rxh6 Rd3 44. Rg6 Rxc3 45. Rxg5 Rb3 46. Kh5
Rb1 47. g4 Kf7 48. Rf5+ Ke6 49. Kg6 b4 50. g5 b3 51. Rf6+ Ke7 52. Rb6 b2 53.
Rb7+ Ke6 54. Rb3 Ke7 55. Re3+ Kd6 56. Re2 Kd7 57. Kg7 Rg1 1/2-1/2

[Event "FIDE World Rapid Team"]
[Site "London ENG"]
[Date "2025.06.12"]
[Round "6.1"]
[White "Khoury, Theo"]
[Black "Turner, Matthew J"]
[Result "0-1"]
[WhiteTitle "CM"]
[BlackTitle "GM"]
[WhiteElo "2209"]
[BlackElo "2441"]
[WhiteTeam "Chess Trust Accelerators"]
[BlackTeam "Sassy Seniors"]
[WhiteFideId "480703"]
[BlackFideId "402893"]
[EventDate "2025.06.11"]
[EventType "team"]

1. e4 e5 2. Nf3 Nc6 3. Bc4 Bc5 4. c3 Nf6 5. d3 d6 6. O-O Bb6 7. Nbd2 O-O 8. Bb3
Ne7 9. Re1 c6 10. Nf1 Ng6 11. Ng3 h6 12. h3 Nh7 13. d4 Ng5 14. Be3 Qf6 15. Nh2
Nf4 16. Ng4 Qg6 17. dxe5 Bxe3 18. Rxe3 Ngxh3+ 19. gxh3 Nxh3+ 20. Kh2 Bxg4 21. f3
Qg5 22. Qe1 Bc8 23. e6 Nf4 24. exf7+ Kh8 25. Rd1 Qe5 26. Qd2 Qe7 27. Kg1 Qh4 28.
Qh2 Qg5 29. Ree1 Be6 30. Bxe6 Nxe6 31. Kf2 Qf4 32. Rh1 Ng5 33. Rd3 Rxf7 34. Ke2
Nxf3 35. Qf2 Raf8 36. Rf1 Qg4 37. Ke3 Ne5 38. Nf5 Rxf5 39. exf5 Nc4# 0-1

[Event "FIDE World Rapid Team"]
[Site "London ENG"]
[Date "2025.06.12"]
[Round "6.2"]
[White "Dishman, Stephen"]
[Black "Verbytski, Oleg"]
[Result "0-1"]
[WhiteTitle "FM"]
[WhiteElo "2274"]
[BlackElo "1994"]
[WhiteTeam "Sassy Seniors"]
[BlackTeam "Chess Trust Accelerators"]
[WhiteFideId "403024"]
[BlackFideId "495506"]
[EventDate "2025.06.11"]
[EventType "team"]

1. Nf3 Nf6 2. c4 e6 3. g3 d5 4. Bg2 Be7 5. O-O O-O 6. d4 dxc4 7. Qc2 a6 8. a4
Bd7 9. Qxc4 Bc6 10. Bf4 Nd5 11. Bd2 Nd7 12. Rd1 N5b6 13. Qc2 Nf6 14. Nc3 Rc8 15.
e4 Bb4 16. Ne5 Qxd4 17. Nxc6 bxc6 18. Ne2 Qc5 19. Qxc5 Bxc5 20. Rdc1 Rfd8 21.
Bg5 Bd4 22. Nxd4 Rxd4 23. Rxc6 Nxa4 24. b3 Nb6 25. Be3 Rb4 26. Rxa6 Nbd7 27. Ra7
Rxb3 28. Raxc7 Rb1+ 29. Bf1 Rxc7 30. Rxc7 h6 31. f3 Ne5 32. Kg2 Rb2+ 33. Bf2
Nfg4 34. fxg4 Nxg4 35. Kg1 Nxf2 36. Bg2 Ng4 37. Rc1 g6 38. Re1 Kg7 39. h3 Ne5
40. Rf1 h5 41. Rf4 g5 42. Rf1 Kg6 43. Kh2 Nc4 44. Re1 f6 45. Kg1 Ne5 46. Re3 Rd2
47. Kf1 Kf7 48. Kg1 Ke7 49. Re1 Kf7 50. Re3 Kg7 51. Ra3 Rd3 52. Ra7+ Kg6 53. Re7
Rxg3 54. Rxe6 h4 55. Kf1 g4 56. hxg4 h3 57. Bh1 Nxg4 58. e5 h2 59. Be4+ Kf7 60.
Ra6 Rg1+ 61. Ke2 Nxe5 62. Ra7+ Ke6 63. Rh7 Ng4 64. Bf3 Ke5 65. Rh5+ Kf4 66. Rh4
f5 67. Rh3 Rg3 68. Rxg3 Kxg3 69. Bb7 Nf2 70. Kf1 Ne4 0-1

[Event "FIDE World Rapid Team"]
[Site "London ENG"]
[Date "2025.06.12"]
[Round "6.3"]
[White "Dicen, Elis Denele"]
[Black "Duncan, Chris R"]
[Result "0-1"]
[WhiteTitle "WFM"]
[BlackTitle "FM"]
[WhiteElo "2136"]
[BlackElo "2196"]
[WhiteTeam "Chess Trust Accelerators"]
[BlackTeam "Sassy Seniors"]
[WhiteFideId "462560"]
[BlackFideId "403091"]
[EventDate "2025.06.11"]
[EventType "team"]

1. d4 d5 2. c4 e6 3. Nf3 Nf6 4. g3 a6 5. Bg2 dxc4 6. O-O Nc6 7. Qc2 Nxd4 8. Nxd4
Qxd4 9. Be3 Qd8 10. Qxc4 Bd6 11. Nc3 O-O 12. Rfd1 Qe7 13. Rac1 Rb8 14. Qh4 h6
15. Ne4 Nxe4 16. Qxe7 Bxe7 17. Bxe4 Bd6 18. Ba7 Ra8 19. Bc5 Rd8 20. Rd3 Kf8 21.
Rb3 Bxc5 22. Rxc5 c6 23. Kg2 Ke7 24. Bd3 Rd5 25. Rc1 Kd8 26. Bc4 Rd6 27. Rf3 Ke7
28. Rfc3 Bd7 29. Bd3 Kd8 30. a4 Kc7 31. a5 Rd4 32. Bc4 Rd8 33. b4 Be8 34. Rb1
Kb8 35. Bd3 e5 36. f3 f6 37. Kf2 Bf7 38. Ke3 Be6 39. Rb2 f5 40. Rc5 f4+ 41. Kf2
R8d5 42. Rc3 g5 43. Bc4 Rd6 44. Bd3 h5 45. Rc5 R6d5 46. Rc3 g4 47. Bc4 Rd6 48.
Bxe6 Rxe6 49. Rc5 Kc7 50. e3 Rd3 51. fxg4 hxg4 52. exf4 exf4 53. gxf4 Rf3+ 54.
Kg2 Rxf4 55. Rc3 Ree4 56. b5 axb5 57. Rxb5 Ra4 58. Rg5 Kb8 59. Rb3 Ka7 60. Re3
Rfd4 61. Ree5 Ra2+ 62. Kg3 Ra3+ 63. Kf2 Rd2+ 64. Re2 Rxe2+ 65. Kxe2 Ra2+ 66. Kd3
Rxh2 67. Rxg4 Rh5 68. Kc4 Rxa5 69. Kb4 Rb5+ 70. Ka4 Kb6 71. Rg6 Rh5 72. Rg4 Kc5
73. Kb3 b5 74. Rg3 Rh4 75. Rg5+ Kb6 76. Ka2 Rh3 77. Rf5 c5 78. Rg5 c4 79. Kb2
Ka5 80. Rg2 Kb4 81. Rf2 Rb3+ 82. Ka2 Rd3 83. Kb2 c3+ 84. Kc1 Kb3 85. Rh2 Rg3 86.
Rh1 b4 87. Rf1 Rg2 88. Kb1 Ka3 89. Rc1 c2+ 90. Rxc2 Rxc2 91. Kxc2 Ka2 0-1

[Event "FIDE World Rapid Team"]
[Site "London ENG"]
[Date "2025.06.12"]
[Round "6.4"]
[White "Vujatovic, Rajko"]
[Black "Zhao, George"]
[Result "1/2-1/2"]
[BlackTitle "CM"]
[WhiteElo "2222"]
[BlackElo "2124"]
[WhiteTeam "Sassy Seniors"]
[BlackTeam "Chess Trust Accelerators"]
[WhiteFideId "403393"]
[BlackFideId "494607"]
[EventDate "2025.06.11"]
[EventType "team"]

1. Nf3 Nf6 2. e3 e6 3. b3 d5 4. Bb2 c5 5. c4 Nc6 6. cxd5 exd5 7. Be2 Be7 8. O-O
O-O 9. d4 Ne4 10. Nc3 cxd4 11. Nxd4 Nxd4 12. exd4 Bf5 13. Nxe4 Bxe4 14. Rc1 Bd6
15. Bf3 Re8 16. Bxe4 Rxe4 17. Re1 Qe7 18. Rxe4 Qxe4 19. Qc2 Qe6 20. h3 h6 21.
Kf1 Re8 22. Qd2 Bh2 23. Re1 Qa6+ 24. Re2 Bf4 25. Qc2 Rxe2 26. Qxe2 Qxa2 27. g3
Bd6 28. Qc2 g6 29. Qc3 Qb1+ 30. Kg2 Kg7 31. Bc1 Qe4+ 32. Kg1 h5 33. Bd2 h4 34.
g4 Qb1+ 35. Kg2 Qe4+ 36. Kg1 a6 37. Bg5 f5 38. Qc8 Qe1+ 39. Kg2 Qe4+ 40. Kg1
Qb1+ 41. Kg2 Qe4+ 42. Kg1 1/2-1/2

[Event "FIDE World Rapid Team"]
[Site "London ENG"]
[Date "2025.06.12"]
[Round "6.5"]
[White "Volovich, Julia"]
[Black "Dishman, Matthew"]
[Result "0-1"]
[WhiteElo "1945"]
[BlackElo "1978"]
[WhiteTeam "Chess Trust Accelerators"]
[BlackTeam "Sassy Seniors"]
[WhiteFideId "447099"]
[BlackFideId "438642"]
[EventDate "2025.06.11"]
[EventType "team"]

1. d4 d5 2. c4 e6 3. Nc3 Nf6 4. cxd5 exd5 5. Bg5 Be7 6. e3 O-O 7. Bd3 c6 8. h3
Re8 9. Nf3 Nbd7 10. Qc2 Nf8 11. Ne5 N6d7 12. Bf4 Nxe5 13. Bxe5 Ng6 14. Bh2 a5
15. O-O b5 16. Ne2 Bb7 17. Rae1 Qb6 18. Bg3 b4 19. f4 c5 20. Bf2 Rac8 21. Bf5
Rc7 22. Qd2 c4 23. Bb1 Ba6 24. Bg3 Rc6 25. f5 Nf8 26. Be5 Bd6 27. f6 Bxe5 28.
dxe5 Rxe5 29. fxg7 Ng6 30. Nd4 c3 31. bxc3 bxc3 32. Qc2 Rc7 33. Rf3 Re4 34. g3
Rxd4 35. exd4 Qxd4+ 36. Kg2 Qd2+ 37. Qxd2 cxd2 38. Rd1 Rc1 39. Rxd2 Rxb1 40.
Rxd5 Bb7 41. Rxa5 Rb2+ 0-1

[Event "FIDE World Rapid Team"]
[Site "London ENG"]
[Date "2025.06.12"]
[Round "6.6"]
[White "Regan, Natasha K"]
[Black "Kendall, Arthur"]
[Result "0-1"]
[WhiteTitle "WIM"]
[WhiteElo "2064"]
[BlackElo "1883"]
[WhiteTeam "Sassy Seniors"]
[BlackTeam "Chess Trust Accelerators"]
[WhiteFideId "403067"]
[BlackFideId "343410960"]
[EventDate "2025.06.11"]
[EventType "team"]

1. Nf3 Nf6 2. c4 g6 3. b4 Bg7 4. Bb2 O-O 5. g3 d5 6. cxd5 Nxd5 7. Bxg7 Kxg7 8.
Qb3 c6 9. a4 Qd6 10. b5 e5 11. Qb2 f6 12. Bg2 c5 13. d3 Be6 14. Nbd2 Nd7 15. O-O
Rac8 16. Nc4 Qc7 17. a5 b6 18. a6 Rfd8 19. h4 Ne7 20. Nfd2 Nf8 21. f4 exf4 22.
Rxf4 Nf5 23. Ne4 Qe7 24. g4 Bxc4 25. dxc4 Qe5 26. Qc1 Ne6 27. Rf2 Nxh4 28. Nxf6
Nxg2 29. Kxg2 Rf8 30. Nd5 Rxf2+ 31. Kxf2 Rf8+ 32. Ke1 Nd4 33. Ra2 Nf3+ 34. Kd1
Qd4+ 35. Kc2 Qxc4+ 36. Nc3 Nd4+ 37. Kb1 Nxb5 38. Nxb5 Qxb5+ 39. Rb2 Qc6 40. g5
Qe4+ 41. Ka1 Rf4 42. Qd2 Rf1+ 43. Ka2 Qa4# 0-1

[Event "FIDE World Rapid Team"]
[Site "London ENG"]
[Date "2025.06.12"]
[Round "6.1"]
[White "Zakarian, David"]
[Black "O'Gorman, Tom"]
[Result "0-1"]
[WhiteTitle "FM"]
[BlackTitle "IM"]
[WhiteElo "2301"]
[BlackElo "2379"]
[WhiteTeam "ANI"]
[BlackTeam "Oxbridge"]
[WhiteFideId "13301276"]
[BlackFideId "2508249"]
[EventDate "2025.06.11"]
[EventType "team"]

1. e4 c5 2. Nf3 d6 3. Bb5+ Bd7 4. Bxd7+ Nxd7 5. O-O Ngf6 6. Qe2 e6 7. c3 Be7 8.
d4 O-O 9. Nbd2 cxd4 10. cxd4 Rc8 11. e5 Nd5 12. Ne4 dxe5 13. dxe5 Nc5 14. Nxc5
Bxc5 15. a3 Qb6 16. Rd1 h6 17. Bd2 Qxb2 18. Rdb1 Qc2 19. Rxb7 Bb6 20. Qb5 Nc3
21. Qb4 Ne4 22. Rxb6 axb6 23. Be3 Rfd8 24. h4 Nc3 25. Qxb6 Nd5 26. Qa7 Ra8 27.
Qc5 Nxe3 28. Qxe3 Rd1+ 29. Rxd1 Qxd1+ 30. Kh2 Qa4 31. Kg3 Qxa3 32. Qe4 Qa4 33.
Qb7 Rd8 34. Qe7 Qd7 35. Qb4 Rc8 36. Qb6 Qd5 37. Qa6 Ra8 38. Qb6 Qe4 39. Qc7 Ra4
40. Qd8+ Kh7 41. Qd7 Qf4+ 42. Kh3 Ra1 43. Qd3+ Qf5+ 44. Qxf5+ exf5 45. Kg3 g6
46. Kf4 Ra4+ 47. Ke3 Re4+ 48. Kd3 Kg7 49. Kd2 Kf8 50. Kd3 Ke7 51. Kd2 Ke6 52.
Kd3 Kd5 53. Kd2 Ra4 54. Ke3 f4+ 55. Kd3 Ra3+ 56. Ke2 Ke4 57. Nd2+ Kf5 58. Nc4
Rc3 59. Nd6+ Ke6 60. Kd2 Rc5 0-1

[Event "FIDE World Rapid Team"]
[Site "London ENG"]
[Date "2025.06.12"]
[Round "6.2"]
[White "Goh, Jinghan Cameron"]
[Black "Kiremitciyan, Ari"]
[Result "1/2-1/2"]
[BlackTitle "FM"]
[WhiteElo "2178"]
[BlackElo "2271"]
[WhiteTeam "Oxbridge"]
[BlackTeam "ANI"]
[WhiteFideId "5804540"]
[BlackFideId "6373445"]
[EventDate "2025.06.11"]
[EventType "team"]

1. d4 d5 2. c4 e6 3. Nf3 h6 4. g3 Nf6 5. Bg2 Bb4+ 6. Nbd2 O-O 7. O-O Nbd7 8. a3
Be7 9. Qc2 c5 10. cxd5 exd5 11. dxc5 Nxc5 12. Nd4 Re8 13. b4 Nce4 14. Bb2 Nxd2
15. Qxd2 Ne4 16. Qd3 Bf6 17. Rad1 h5 18. Qb3 Bxd4 19. Rxd4 Be6 20. Bxe4 dxe4 21.
Qc3 Qg5 22. h4 Qg6 23. Rxe4 Bg4 24. Re5 Rac8 25. Qe3 Rxe5 26. Qxe5 Rc2 27. Re1
f6 28. Qd5+ Qf7 29. Qxf7+ Kxf7 30. Bd4 Rxe2 31. Rxe2 Bxe2 32. Bxa7 b5 33. f4 Ke6
34. Kf2 Bd1 35. Ke3 Kf5 36. Bc5 Kg4 37. Kf2 Kf5 38. Bf8 g6 39. Bg7 g5 40. fxg5
fxg5 41. hxg5 Kxg5 42. Bf8 Kg4 43. Be7 Ba4 44. Bh4 Bb3 45. Ke3 Ba4 46. Kd4 Bb3
47. Kc5 Ba4 48. Kd4 1/2-1/2